Tiếng Anh dành cho nhân viên bảo hiểm = Insurance

محفوظ في:
التفاصيل البيبلوغرافية
المؤلف الرئيسي: Michael R. Sneyd
التنسيق: كتاب
اللغة:Undetermined
منشور في: Tp. HCM Trẻ 2003
الموضوعات:
الوسوم: إضافة وسم
لا توجد وسوم, كن أول من يضع وسما على هذه التسجيلة!
Thư viện lưu trữ: Trung tâm Học liệu Trường Đại học Cần Thơ
LEADER 00602nam a2200205Ia 4500
001 CTU_57175
008 210402s9999 xx 000 0 und d
020 |b 23000 
082 |a 428.24 
082 |b S671 
100 |a Michael R. Sneyd 
245 0 |a Tiếng Anh dành cho nhân viên bảo hiểm = 
245 0 |b Insurance 
245 0 |c Michael R. Sneyd; Nguyễn Thành Đạt biên dịch 
260 |a Tp. HCM 
260 |b Trẻ 
260 |c 2003 
650 |a english language 
650 |x textbooks for foreign speakers 
980 |a Trung tâm Học liệu Trường Đại học Cần Thơ